| 000 | 00839cam a2200229 4500 | ||
|---|---|---|---|
| 001 | ABS61789 | ||
| 008 | 000000n2000 000 0 eng u | ||
| 035 | _a(Sirsi) u103899 | ||
| 100 | _aScott, D. | ||
| 245 | _aCracking the code | ||
| 260 | _c2000 | ||
| 490 |
_aBuilding _v265(8119) 14 January 2000, 54(1) |
||
| 520 | _aOutlines the aims of the Scottish Arbitration Code which was launched on 14 October 1999. Although the code is not compulsory, the Scottish Building Contract Committee is intending to incorporate it into revisions of its standard forms of contract. | ||
| 590 | _aABS | ||
| 650 | _aSCOTTISH ARBITRATION CODE | ||
| 650 | _aBUILT ENVIRONMENT-BUILDING CONTRACT FORMS | ||
| 650 | _aARBITRATORS | ||
| 650 | _aSCOTLAND | ||
| 650 |
_aDISPUTE RESOLUTION _96236 |
||
| 690 |
_aDispute resolution _96236 |
||
| 942 | _n0 | ||
| 999 |
_c62365 _d62365 |
||